| Tag |
First Indicator |
Second Indicator |
Subfields |
| LEADER |
00000cam a22000008a 4500 |
| 001 |
in00000078223 |
| 005 |
20151008060701.0 |
| 008 |
810319s1981 nyua b 10000 eng |
| 010 |
|
|
|a 80009031
|
| 020 |
|
|
|a 0824093038 :
|c $20.00
|
| 035 |
|
|
|a (OCoLC)07306523
|
| 035 |
|
|
|9 AAJ6331AM
|
| 039 |
0 |
|
|a 2
|b 3
|c 3
|d 3
|e 3
|
| 040 |
|
|
|a DLC
|c DLC
|d TXA
|d UtOrBLW
|
| 049 |
|
|
|a TXAM
|c [1673054]
|
| 050 |
0 |
0 |
|a PS3515.E37
|b Z5869
|
| 082 |
0 |
|
|a 813/.52
|2 19
|
| 245 |
0 |
0 |
|a Ernest Hemingway, the papers of a writer /
|c edited, with an introduction, by Bernard Oldsey.
|
| 263 |
|
|
|a 8107
|
| 264 |
|
1 |
|a New York :
|b Garland,
|c 1981.
|
| 300 |
|
|
|a xxii, 147 pages :
|b illustrations ;
|c 24 cm.
|
| 336 |
|
|
|a text
|b txt
|2 rdacontent
|
| 337 |
|
|
|a unmediated
|b n
|2 rdamedia
|
| 338 |
|
|
|a volume
|b nc
|2 rdacarrier
|
| 500 |
|
|
|a Proceedings of a conference held in July 1980 on Thompson's Island, Boston Harbor.
|
| 504 |
|
|
|a Includes bibliographical references.
|
| 600 |
1 |
0 |
|a Hemingway, Ernest,
|d 1899-1961
|x Congresses.
|
| 600 |
1 |
0 |
|a Hemingway, Ernest,
|d 1899-1961
|x Archives
|x Congresses.
|
| 650 |
|
0 |
|a Authors, American
|y 20th century
|v Biography
|x Congresses.
|
| 700 |
1 |
|
|a Oldsey, Bernard S.
|q (Bernard Stanley),
|d 1923-2008.
|
| 999 |
|
|
|a MARS
|
| 999 |
f |
f |
|s 7bfe9647-f27b-3f5e-9395-959c1dded9ca
|i 24381ea2-2f37-3dba-a687-d887173dbd47
|t 0
|
| 952 |
f |
f |
|p ric
|a Texas A&M University
|b Rellis Campus
|c Joint Library Facility
|d Remote Storage
|t 0
|e PS3515.E37 Z5869
|h Library of Congress classification
|i unmediated -- volume
|m A14806190745
|
| 998 |
f |
f |
|a PS3515.E37 Z5869
|t 0
|l Remote Storage
|